[Event "Bijnor op"]
[Site "Bijnor"]
[Date "2024.03.18"]
[Round "3"]
[White "Arushi, Severin Helen D Sil"]
[Black "Mahindrakar, Indrajeet"]
[Result "0-1"]
[WhiteElo "1694"]
[BlackElo "2136"]
[PlyCount "210"]
[EventDate "2024.03.17"]
[EventType "swiss"]
[EventRounds "9"]
[EventCountry "IND"]
[SourceTitle "CB13_2024"]
[SourceDate "2024.03.27"]
[SourceVersion "1"]
[SourceVersionDate "2024.03.27"]
[SourceQuality "1"]

1. d4 Nf6 2. Bf4 b6 3. Nf3 Bb7 4. Nbd2 g6 5. c3 Bg7 6. Qc2 d5 7. e3 0-0 8. Bd3 c5 9. Qb1 Nc6 10. h3 Nd7 11. 0-0 e5 12. dxe5 Ndxe5 13. Bxe5 Nxe5 14. Nxe5 Bxe5 15. Nf3 Bc7 16. Be2 Qd6 17. Rd1 Rfe8 18. Qd3 Rad8 19. Kf1 Qf6 20. Qc2 Bc8 21. Qa4 Re7 22. Qh4 Qxh4 23. Nxh4 h5 24. Nf3 Bb7 25. Rd2 Bc6 26. a4 Kg7 27. Bb5 Bb7 28. Rad1 Rh8 29. c4 d4 30. exd4 Bf4 31. Re2 Rxe2 32. Kxe2 a6 33. Bd7 Rd8 34. dxc5 bxc5 35. g3 Bc7 36. Ne1 Be5 37. a5 Bd4 38. Ba4 Rd6 39. Kf1 Rf6 40. Rd2 Bc8 41. Kg2 Bb7+ 42. Kf1 Be4 43. Bc2 Bc6 44. Bd1 Be5 45. Kg1 Bc7 46. Ng2 Bxa5 47. Rd3 Be4 48. Rd7 Bf5 49. Rd5 Be6 50. Re5 Bc7 51. Rg5 Bxh3 52. Ne3 Bd6 53. Rd5 Bc8 54. Rd2 Be5 55. Nd5 Rd6 56. Kg2 a5 57. b3 Bb7 58. Bf3 Bd4 59. Ra2 Bxd5 60. Bxd5 Rf6 61. f3 Ra6 62. f4 Ra7 63. Re2 Kf6 64. Bc6 Ra6 65. Bb5 Rd6 66. Kf3 Bc3 67. Ba4 Bd2 68. Re5 Bb4 69. Rd5 Re6 70. Rd1 Bc3 71. Rd5 Bd4 72. Rd7 Re3+ 73. Kg2 Re2+ 74. Kh3 Bg1 75. g4 Rh2+ 76. Kg3 h4+ 77. Kf3 Rf2+ 78. Ke4 h3 79. Rd3 h2 80. Rh3 Re2+ 81. Kd5 Re3 82. Rh4 Rf3 83. g5+ Kg7 84. Ke4 Re3+ 85. Kd5 Rg3 86. Ke4 f5+ 87. gxf6+ Kxf6 88. Rh6 Re3+ 89. Kd5 Kf5 90. Rh4 Rd3+ 91. Kc6 Rd4 92. Kc7 g5 93. Rh8 Rxf4 94. Bc6 Ke5 95. Kb6 Rf6 96. Kb5 Rxc6 97. Kxc6 g4 98. Kb5 g3 99. Re8+ Kd6 100. Rh8 g2 101. Kxa5 h1Q 102. Rxh1 gxh1Q 103. Kb5 Qb7+ 104. Ka5 Kc6 105. b4 Qa7# 0-1